000 00349 a2200133 4500
245 _aCloudsplitter
_b : a novel
_hprint
020 _a0060168609
250 _a1st ed.
005 20191021095229.0
260 _anyu
_bHarperFlamingo
_cc1998
084 _aPS3552.A49 C57 1998
300 _a758 p.
_b 25 cm.
_c758 p. ; 25 cm.
500 _aRussell Banks.
999 _c11981
_d11981